Two Clues: 'R' Words Quiz Stats

Quiz Updated Sep 8, 2014

Challenge
Share
Tweet
Embed
Score 0/22 Timer 04:00
1 Play Today
Two Clues 'R' Word % Correct
Abbey or Yellow BrickRoad
95.8%
Filippo or Great BarrierReef
95.1%
Rio Grande or YangtzeRiver
93%
Rosie or WALL-ERobot
92.9%
Snake or crocodileReptile
92.3%
Dime, time, slime or big, twig, jigRhyme
88.3%
CanĂ³ or CrusoeRobinson
88.2%
Br'er or RogerRabbit
88%
Chili's or Denny'sRestaurant
87%
Burt or DebbieReynolds
86.8%
CB or transistorRadio
86.7%
Two Clues 'R' Word % Correct
LP or 45Record
84%
Lauren or NaderRalph
83%
E. Lee or Penn WarrenRobert
77%
Kaiser or sushiRoll
73.7%
Engagement or moodRing
73.7%
Carson or WeiszRachel
64.9%
Remington Model 572 or Bushmaster BA50Rifle
63.9%
Descartes or MagritteRené
63.7%
Bolshevik or XinhaiRevolution
50.4%
Rocket or Ranger RickRaccoon
34.8%
Epoxy or Vinyl esterResin
32.8%

You're not logged in!

Compare scores with friends on all Sporcle quizzes.
Sign Up with Email
OR
Log In

You Might Also Like...

Show Comments

Extras

Top Quizzes Today


Score Distribution

Your Account Isn't Verified!

In order to create a playlist on Sporcle, you need to verify the email address you used during registration. Go to your Sporcle Settings to finish the process.